000 00699nam a2200241Ia 4500
003 OSt
005 20220925201900.0
006 a|||||r|||| 00| 0
007 ta
008 220923b |||||||| |||| 00| 0 eng d
037 _cGeneral Book
040 _aRTL
_cRTL
_beng
041 _2eng
_aeng
082 _aV2,8.N7, L2
100 _aBhambhri Chander Prakash
245 0 _aAdministrative in a changing society
260 _aDelhi
_bNational Publishing House India
_c1972
300 _ax,260p
_ccm.
500 _aAppendix: P 240-49; Index:P.251-60
650 _aBureaucracy India
942 _hV2,8.N7, L2
_cGB
_2CC
999 _c541599
_d541599